Choroby pankreasu

Bibliographic Details
Main Authors: Moravec, Rudolf, 1930-2008 (Author, Compiler), Bučko, Andrej, 1912-1994 (Author), Miček, František, 1915-1994 (Author), Zlatoš, Ladislav, 1940- (Author)
Format: Book
Language:Slovak
PhysicalDescription:226 strán fotografie, ilustrácie, tabuľky 22 cm
Published: Martin Osveta 1987
Edition:1. vyd.
Series:Hálkova zbierka
Edícia pre postgraduálne štúdium lekárov a farmaceutov
Subjects:

MARC

LEADER 00000cam a2200000 a 4500
001 vtls001124109
003 SK-MaSNL
005 20260301140439.0
008 180815s1987 xo oal frnf 00100 slo
015 |a SNBA1988/03 
020 |q (viazané) 
035 |a SNK000066952 
040 |a SNK  |b slo  |c SNK  |e AACR2 
041 0 |a slo  |b eng  |b ger  |b rus 
044 |a xo  |c SK 
072 7 |a 616  |x Patológia. Klinická medicína  |2 konspekt 
080 |a 616.37  |2 1981 
080 |a 616.37  |2 2011 
080 |a 611.37  |2 2011 
080 |a (035)  |2 2011 
100 1 |a Moravec, Rudolf,  |d 1930-2008  |4 aut  |4 com  |9 91300 
245 1 0 |a Choroby pankreasu  |c Rudolf Moravec a kolektív 
250 |a 1. vyd. 
260 |a Martin  |b Osveta  |c 1987  |e Martin  |f Tlačiarne SNP 
300 |a 226 strán  |b fotografie, ilustrácie, tabuľky  |c 22 cm 
366 |e 1700 výtl. 
490 1 |a Edícia pre postgraduálne štúdium lekárov a farmaceutov 
490 1 |a Hálkova zbierka  |v zv. 52 
500 |a Obsahuje zoznam obrázkov a tabuliek 
504 |a Bibliografia na strane 201-214. Register 
546 |a Anglické, nemecké a ruské resumé 
650 0 7 |a pankreas  |2 SNKPH  |9 18643 
650 0 7 |a choroby pankreasu  |2 SNKPH  |9 88021 
655 7 |a príručky  |2 SNKPH  |9 74364 
700 1 |a Bučko, Andrej,  |d 1912-1994  |4 aut  |9 42445 
700 1 |a Miček, František,  |d 1915-1994  |4 aut  |9 234138 
700 1 |a Zlatoš, Ladislav,  |d 1940-  |4 aut  |9 39676 
830 0 |a Hálkova zbierka  |9 277492 
830 0 |a Edícia pre postgraduálne štúdium lekárov a farmaceutov  |9 277491 
954 |a odborná, vedecká literatúra pôvodná (slovenská)  |2 lita 
958 |a OND 
958 |a NB 
958 |a TL 
958 |a MI 
999 |c 763713  |d 765643 
952 |a SNK  |b SNK  |y PREZ  |7 0  |p 17A0936325  |o snkSC 70595  |i snkKSP 35/88  |0 0  |1 0  |4 0  |d 2012-09-15  |f 1  |l 0  |r 2025-07-21 00:00:00  |w 2026-02-24 
952 |a SNK  |b SNK  |y VYP  |7 0  |p 17A0033868  |o snkSC 70595 D1  |i snkKSP 36/88  |0 0  |1 0  |4 0  |d 1997-01-28  |l 0  |r 2004-12-31 00:00:00  |w 2026-02-24